| 000 | 00381nam a22001697a 4500 | ||
|---|---|---|---|
| 005 | 20160628145450.0 | ||
| 008 | 160628b xxu||||| |||| 00| 0 eng d | ||
| 020 | _a0-141-43966-1 | ||
| 041 | _aeng | ||
| 082 | _b10610 | ||
| 100 |
_aAusten, Jane _92970 |
||
| 245 | _aSense and Sensibility | ||
| 260 |
_bPenguin _c2003 |
||
| 300 | _a353 | ||
| 650 |
_aManagement _9241 |
||
| 942 | _cBK | ||
| 999 |
_c4485 _d4484 |
||